| 000 | 01191nam a2200229Ia 4500 | ||
|---|---|---|---|
| 001 | L300-2137 | ||
| 003 | IT-CnALBA | ||
| 008 | 170116s9999||||xx |||||||||||||| ||und|| | ||
| 040 |
_aIT-CnALBA _cIT-CnALBA |
||
| 041 | _aITALIANO | ||
| 100 | _aAA. VV. | ||
| 245 | 0 | _aDIZIONARIO DELLE SCIENZE ECONOMICHE. | |
| 250 | _a1a ed. | ||
| 260 |
_aCINISELLO BALSAMO (MI) _bEDIZIONI PAOLINE _c1963 [1° Ed.:1963] |
||
| 300 | _a1057 p. (prefazione: 14) | ||
| 500 | _aCURATORE FREY LUIGI. DIREZIONE ROMEUF JEAN CON COLLABORAZIONE DI PASQUALAGGI GILLES. 80 TAVOLE FUORI TESTO. TRADUZIONE DAL FRANCESE DI MIGGIANO A. E CIPPICO E. ADATTAMENTO ALLA CULTURA E LEGISLAZIONE ITALIANA. ELENCO DEI COLLABORATORI ALL'INIZIO DEI VOLUM | ||
| 501 | _aSocietà San Paolo EM - Piazza San Paolo, 14 - 12051 ALBA (CN) (non commercial uses only) ® Copyright 2017 | ||
| 520 | _aCURATORE FREY LUIGI. DIREZIONE ROMEUF JEAN CON COLLABORAZIONE DI PASQUALAGGI GILLES. 80 TAVOLE FUORI TESTO. TRADUZIONE DAL FRANCESE DI MIGGIANO A. E CIPPICO E. ADATTAMENTO ALLA CULTURA E LEGISLAZIONE ITALIANA. ELENCO DEI COLLABORATORI ALL'INIZIO DEI VOLUM | ||
| 650 | _aDIZIONARI SCIENZE SOCIALI | ||
| 942 | _cBK | ||
| 957 | _71 | ||
| 999 |
_a3115 _bNO _g Copie: 1 _c261324 _d261324 |
||